| 000 | 00488nam a22001937a 4500 | ||
|---|---|---|---|
| 003 | MPLRDC | ||
| 005 | 20220104191325.0 | ||
| 008 | 210129b ||||| |||| 00| 0 eng d | ||
| 020 | _a978-986-6274-26-8 | ||
| 082 | _a009 WEI | ||
| 100 | _aVOLKER WEIDERMANN | ||
| 245 |
_a焚书之书 _c宋淑明 译 |
||
| 250 | _a初版 | ||
| 260 |
_a台湾 _b允晨文化事业股份有限公司 _c2010 |
||
| 300 | _b平 | ||
| 490 | _a经典文学: 14 | ||
| 650 | _a禁书 | ||
| 942 |
_cBK _o009 WEI |
||
| 999 |
_c64197 _d64187 |
||